000 00427nam a2200157 a 4500
001 000016299
005 20200929164347.0
008 100303s1983 dr a 000 0 spa d
040 _aDO-SdBNP
082 _axxx
_bT465s
100 1 _aThomen, Antonio
_919711
245 1 3 _aEl sol :
_bfuente de vida /
_cAntonio Thomen.
260 _aSanto Domingo
_fImpresora Nacional
_c1983.
300 _a32 p. :
_bil. ;
_c22 cm.
049 _aBNPD
999 _c15834
_d15834